[Event "Weekend Vitinia"]
[Site "Roma ITA"]
[Date "1997.11.??"]
[Round "7"]
[White "Viscogliosi, Enzo"]
[Black "Sternini, Cristiano"]
[Result "1-0"]
[WhiteElo "1732"]
[BlackElo "1582"]
[PlyCount "81"]
[EventDate "1997.11.??"]

1. d4 Nf6 2. c4 g6 3. Nc3 d5 4. Bf4 Bg7 5. e3 c5 6. dxc5 Qa5 7. Qa4+ Qxa4 8.
Nxa4 Ne4 9. Rc1 Bd7 10. Nc3 Nxc3 11. bxc3 dxc4 12. Bxc4 Bc6 13. Nf3 Nd7 14. Ng5
O-O 15. O-O Nxc5 16. Rfd1 h6 17. Nf3 Na4 18. Ne5 Nb2 19. Rd4 Nxc4 20. Rxc4 Bd5
21. Rc7 Bxe5 22. Bxe5 e6 23. c4 Bc6 24. Bf6 Rac8 25. Rxc8 Rxc8 26. a3 Rc7 27.
f3 Rd7 28. Kf2 Rd2+ 29. Kg3 Rd3 30. h4 Rxa3 31. Rd1 Kf8 32. Rd8+ Be8 33. Rb8 b6
34. e4 Rd3 35. Kf4 Ra3 36. Ke5 Rb3 37. Bh8 Ke7 38. Bf6+ Kf8 39. Bd8 Kg7 40.
Bf6+ Kf8 41. Bd8 1-0

[Event "Weekend Vitinia"]
[Site "Roma ITA"]
[Date "1997.11.??"]
[Round "8"]
[White "Barro, Carlo"]
[Black "Quimi, Marco"]
[Result "1/2-1/2"]
[WhiteElo "1747"]
[BlackElo "2240"]
[PlyCount "90"]
[EventDate "1997.11.??"]

1. Nf3 d5 2. g3 Bf5 3. d3 e6 4. Bg2 h6 5. Nbd2 Nf6 6. O-O Bc5 7. c4 O-O 8. a4
a5 9. Qb3 Bb6 10. Ne5 Nbd7 11. Nxd7 Nxd7 12. cxd5 Nc5 13. Qa2 Re8 14. d4 Na6
15. e4 Nb4 16. Qb3 Bg4 17. dxe6 Rxe6 18. d5 Rf6 19. e5 Rf5 20. Nc4 Nxd5 21. Be4
Rh5 22. Nxb6 Nxb6 23. Bg6 Be6 24. Qxe6 fxe6 25. Bxh5 Nd5 26. Bd2 c6 27. Rad1
Qb6 28. Bc3 Nxc3 29. bxc3 Rd8 30. Rd6 Rxd6 31. exd6 Qd8 32. Rd1 Qd7 33. Bg6 b5
34. Be4 b4 35. Bxc6 Qd8 36. cxb4 axb4 37. d7 Kf7 38. Rb1 Ke7 39. Rxb4 Qc7 40.
Rc4 Qd6 41. Bb5 Qd1+ 42. Kg2 Qd5+ 43. Kg1 g5 44. Rc8 Qd1+ 45. Kg2 Qd5+ 1/2-1/2

[Event "Weekend Vitinia"]
[Site "Roma ITA"]
[Date "1997.11.??"]
[Round "8"]
[White "Bruno, Fabio"]
[Black "Mastroddi, Emiliano"]
[Result "0-1"]
[WhiteElo "2260"]
[BlackElo "1753"]
[PlyCount "78"]
[EventDate "1997.11.??"]

1. e4 c5 2. Nf3 d6 3. d4 cxd4 4. Nxd4 Nf6 5. Nc3 g6 6. Be3 Bg7 7. f3 O-O 8. Qd2
Nc6 9. Bc4 Bd7 10. Bb3 Ne5 11. O-O-O Qa5 12. Kb1 Rfc8 13. Nd5 Qxd2 14. Rxd2
Nxd5 15. Bxd5 Nc4 16. Bxc4 Rxc4 17. b3 Rc7 18. g4 Rac8 19. c4 a6 20. Ne2 b5 21.
c5 dxc5 22. Bxc5 Bxg4 23. fxg4 Rxc5 24. Rhd1 Be5 25. h3 e6 26. Nc1 Rxc1+ 27.
Rxc1 Rxc1+ 28. Kxc1 Bf4 29. b4 Kg7 30. h4 f5 31. g5 Kf7 32. e5 Ke7 33. Kc2 Bxd2
34. Kxd2 Kd7 35. Ke3 Kc6 36. Kd4 f4 37. Ke4 f3 38. Kxf3 Kd5 39. Ke3 Kxe5 0-1

[Event "Weekend Vitinia"]
[Site "Roma ITA"]
[Date "1997.11.??"]
[Round "8"]
[White "Cordelli, Benedetto"]
[Black "Mazziotto, Nicola"]
[Result "0-1"]
[WhiteElo "1600"]
[BlackElo "1570"]
[PlyCount "98"]
[EventDate "1997.11.??"]

1. e4 e6 2. d4 a6 3. Nf3 b5 4. Bd3 Bb7 5. O-O c5 6. c3 Nf6 7. Bg5 h6 8. Bxf6
Qxf6 9. d5 exd5 10. exd5 Bxd5 11. Re1+ Be7 12. Qe2 Nc6 13. Be4 Bxe4 14. Qxe4
O-O 15. Nbd2 Rad8 16. Qd5 Qd6 17. Qf5 Qc7 18. Re2 d5 19. Rae1 Bf6 20. g4 Ne7
21. Qh5 Ng6 22. Qf5 Qf4 23. Qxf4 Nxf4 24. Re3 Rd6 25. Nb3 Ne6 26. h4 c4 27.
Nbd4 Bxd4 28. Nxd4 Nxd4 29. cxd4 f6 30. f4 b4 31. f5 a5 32. h5 a4 33. Kf2 Ra6
34. Re6 Raa8 35. Ke2 a3 36. b3 cxb3 37. axb3 Rfe8 38. Kd2 Rxe6 39. fxe6 Kf8 40.
Ke3 Ke7 41. Kf4 Ra6 42. Kf5 Rc6 43. Re2 Rc3 44. Kg6 Rxb3 45. Kxg7 Rg3 46. Kxh6
Rxg4 47. Kh7 b3 48. h6 b2 49. Rc2 b1=Q 0-1

[Event "Weekend Vitinia"]
[Site "Roma ITA"]
[Date "1997.11.??"]
[Round "8"]
[White "Corvi, Marco"]
[Black "Steinfl, Alessandro"]
[Result "1/2-1/2"]
[WhiteElo "2260"]
[BlackElo "2270"]
[PlyCount "54"]
[EventDate "1997.11.??"]

1. c4 c5 2. Nc3 Nc6 3. Nf3 g6 4. g3 Bg7 5. Bg2 e5 6. O-O Nge7 7. Ne1 O-O 8. Nc2
f5 9. Ne3 d6 10. d3 Rb8 11. Ned5 Nxd5 12. Nxd5 Be6 13. Bd2 Qd7 14. Rb1 Ne7 15.
b4 f4 16. Nxe7+ Qxe7 17. Bd5 Bxd5 18. cxd5 Qf7 19. Qb3 b6 20. Qc4 f3 21. exf3
Qxf3 22. Qe4 Rbc8 23. Qxf3 Rxf3 24. Rb3 Rf7 25. b5 Rfc7 26. Rc1 Kf7 27. Rc4 Ke7
1/2-1/2

[Event "Weekend Vitinia"]
[Site "Roma ITA"]
[Date "1997.11.??"]
[Round "8"]
[White "De Francesco, Massimo"]
[Black "Luzi, Alessandro"]
[Result "1/2-1/2"]
[WhiteElo "1740"]
[BlackElo "1540"]
[PlyCount "43"]
[EventDate "1997.11.??"]

1. c4 g6 2. Nc3 Bg7 3. b4 Nf6 4. Bb2 d6 5. e3 e5 6. Nf3 b6 7. Be2 a5 8. b5 Bb7
9. d4 exd4 10. exd4 Nbd7 11. O-O O-O 12. Re1 Re8 13. Qc2 d5 14. Qb3 h6 15. a4
Ne4 16. cxd5 Nxc3 17. Bxc3 Nf6 18. Bc4 Rxe1+ 19. Rxe1 Bxd5 20. Re5 Bxc4 21.
Qxc4 Qd6 22. g3 1/2-1/2

[Event "Weekend Vitinia"]
[Site "Roma ITA"]
[Date "1997.11.??"]
[Round "8"]
[White "Del Castello, Lucio"]
[Black "Capone, Gioacchino"]
[Result "1-0"]
[WhiteElo "1552"]
[BlackElo "1699"]
[PlyCount "101"]
[EventDate "1997.11.??"]

1. e4 c5 2. d4 cxd4 3. c3 dxc3 4. Nxc3 d6 5. Bc4 Nf6 6. h3 Nc6 7. Nf3 e6 8. Qe2
Be7 9. O-O a6 10. a4 O-O 11. Rd1 Qc7 12. Bf4 e5 13. Bg5 Be6 14. Nd5 Bxd5 15.
Bxd5 Nxd5 16. exd5 Nd4 17. Rxd4 Bxg5 18. Rc4 Qd8 19. h4 Bh6 20. g4 Bf4 21. Kg2
Rc8 22. Rxc8 Qxc8 23. Ng5 Qc5 24. Qf3 h6 25. Ne4 Qb4 26. Ra3 b5 27. Rb3 Qxa4
28. Ra3 Qb4 29. Rxa6 Rd8 30. b3 g6 31. g5 Kg7 32. Ra7 h5 33. Nf6 Rc8 34. Re7
Kf8 35. Qh3 Rd8 36. Qd7 Qe4+ 37. Nxe4 Rxd7 38. Rxd7 Bc1 39. Nxd6 Ba3 40. Nxb5
Ke8 41. Ra7 Bc5 42. Rc7 Bb6 43. Rb7 Bc5 44. d6 Kd8 45. Rxf7 Ke8 46. Rc7 Bb6 47.
Re7+ Kd8 48. Rg7 Ke8 49. Nc7+ Kf8 50. Ne6+ Ke8 51. d7# 1-0

[Event "Weekend Vitinia"]
[Site "Roma ITA"]
[Date "1997.11.??"]
[Round "8"]
[White "Ferretti, Folco"]
[Black "Passerotti, Pierluigi"]
[Result "0-1"]
[WhiteElo "2285"]
[BlackElo "2310"]
[PlyCount "100"]
[EventDate "1997.11.??"]

1. e4 c5 2. c3 d6 3. d4 Nf6 4. Bd3 cxd4 5. cxd4 Nc6 6. Nf3 Bg4 7. d5 Bxf3 8.
Qxf3 Ne5 9. Bb5+ Nfd7 10. Qe2 a6 11. Bxd7+ Nxd7 12. Be3 g6 13. Bd4 Nf6 14. O-O
Bg7 15. Nd2 O-O 16. Rac1 Rc8 17. Nc4 Bh6 18. f4 b5 19. Nb6 Rxc1 20. Rxc1 e6 21.
Rc8 Qe7 22. e5 Nxd5 23. exd6 Qxd6 24. Bc5 Nxf4 25. Qe1 Rxc8 26. Bxd6 Rc1 27.
Qxc1 Ne2+ 28. Kf1 Nxc1 29. a4 Be3 30. Nd7 Bd4 31. axb5 axb5 32. Be5 Bxe5 33.
Nxe5 f6 34. Nc6 e5 35. g4 Kf7 36. g5 Nd3 37. gxf6 Kxf6 38. b4 Ke6 39. Na7 Nxb4
40. Nxb5 Nd5 41. Ke2 Kf5 42. Nd6+ Kf4 43. Kd3 Nf6 44. Ke2 Ng4 45. h3 Nf6 46.
Nf7 Ne4 47. Nd8 h5 48. Ne6+ Kf5 49. Nf8 h4 50. Ke3 Ng5 0-1

[Event "Weekend Vitinia"]
[Site "Roma ITA"]
[Date "1997.11.??"]
[Round "8"]
[White "Ferri, Stefano"]
[Black "Matano, Arturo"]
[Result "1-0"]
[WhiteElo "1901"]
[BlackElo "1705"]
[PlyCount "109"]
[EventDate "1997.11.??"]

1. Nf3 g6 2. e4 Bg7 3. Nc3 d6 4. d4 c6 5. Be3 Nd7 6. Qd2 b5 7. d5 b4 8. Nd1 c5
9. Bb5 Rb8 10. Qe2 Qb6 11. Bc4 a5 12. O-O a4 13. Rb1 Qc7 14. c3 bxc3 15. Nxc3
Nb6 16. Bd3 Bd7 17. Bf4 f6 18. Nd2 Nh6 19. h3 Nf7 20. Bg3 O-O 21. f4 Kh8 22. h4
Qc8 23. f5 gxf5 24. exf5 Ne5 25. Bc2 Qe8 26. Kh1 Bh6 27. Bf4 Bxf4 28. Rxf4 Rg8
29. Qd1 Ra8 30. Qe2 Rg7 31. Be4 Ra5 32. g4 Bb5 33. Qg2 Qg8 34. b4 cxb4 35. Rxb4
Qe8 36. Bc2 Ra8 37. Nxb5 Rc8 38. Be4 Rc1+ 39. Kh2 Qc8 40. Nxd6 exd6 41. Rxb6
Qc5 42. Rb8+ Rg8 43. Rxg8+ Kxg8 44. g5 fxg5 45. hxg5 Qe3 46. Rh4 Re1 47. Nf1
Qc1 48. Ng3 Rd1 49. g6 hxg6 50. fxg6 Rd2 51. Ne2 Qe1 52. Rh8+ Kxh8 53. g7+ Kg8
54. Bh7+ Kxh7 55. g8=Q+ 1-0

[Event "Weekend Vitinia"]
[Site "Roma ITA"]
[Date "1997.11.??"]
[Round "8"]
[White "Galdelli, Fabiano"]
[Black "Piccioni, Marco"]
[Result "1-0"]
[WhiteElo "1738"]
[BlackElo "1651"]
[PlyCount "69"]
[EventDate "1997.11.??"]

1. e4 e5 2. Nf3 Nc6 3. Bb5 a6 4. Bxc6 dxc6 5. d4 exd4 6. Qxd4 Qxd4 7. Nxd4 c5
8. Ne2 Bd7 9. Be3 O-O-O 10. Nd2 h6 11. f3 b6 12. Rd1 g5 13. Kf2 Bg7 14. c3 Ne7
15. Rhe1 f5 16. exf5 Bxf5 17. Nf1 Nc6 18. Nc1 Rhe8 19. Rxd8+ Rxd8 20. Nd2 Ne5
21. Ne4 c4 22. Ke2 Nd3 23. Nxd3 cxd3+ 24. Kd2 c5 25. b3 Kc7 26. h4 g4 27. Ng3
Bc8 28. Bf4+ Kc6 29. Re7 Bf6 30. Rc7+ Kb5 31. Ne4 gxf3 32. gxf3 Bxh4 33. Nd6+
Ka5 34. Nc4+ Kb5 35. a4# 1-0

[Event "Weekend Vitinia"]
[Site "Roma ITA"]
[Date "1997.11.??"]
[Round "8"]
[White "Iacoacci, Giancarlo"]
[Black "Scacco, Mauro"]
[Result "1-0"]
[WhiteElo "1600"]
[BlackElo "2045"]
[PlyCount "59"]
[EventDate "1997.11.??"]

1. d4 Nf6 2. Nf3 e6 3. e3 b6 4. Bd3 Bb7 5. Nbd2 c5 6. c3 d6 7. O-O Be7 8. Re1
Nbd7 9. e4 O-O 10. b3 Rc8 11. Bb2 Rc7 12. c4 cxd4 13. Bxd4 Ne5 14. Qe2 Nfd7 15.
Nxe5 Nxe5 16. Bxe5 dxe5 17. Red1 f5 18. Nf3 Rd7 19. Nxe5 Rd4 20. Nf3 fxe4 21.
Nxd4 Qxd4 22. Bc2 Qe5 23. Rab1 Bc5 24. Rf1 Rf3 25. gxf3 Bd6 26. f4 Qxf4 27. Qh5
g6 28. Qh3 Qg5+ 29. Kh1 e3+ 30. f3 1-0

[Event "Weekend Vitinia"]
[Site "Roma ITA"]
[Date "1997.11.??"]
[Round "8"]
[White "Marta, Daniele"]
[Black "Pezzaldi, Roberto"]
[Result "1-0"]
[WhiteElo "1816"]
[BlackElo "2095"]
[PlyCount "65"]
[EventDate "1997.11.??"]

1. c4 e6 2. Nf3 f5 3. d4 Nf6 4. g3 Be7 5. Bg2 O-O 6. O-O d6 7. Nc3 Qe8 8. Re1
Ne4 9. Qc2 Qg6 10. Nd2 Nxc3 11. bxc3 e5 12. Qb3 c6 13. c5+ Qf7 14. cxd6 Bxd6
15. Qxf7+ Rxf7 16. Nc4 Bc7 17. Nxe5 Bxe5 18. dxe5 Na6 19. Be3 Be6 20. Red1 Nc7
21. Rd6 Rd7 22. Rxd7 Bxd7 23. Rb1 Bc8 24. c4 Kf7 25. f4 h6 26. Kf2 Ne6 27. h4
h5 28. Rd1 Ke7 29. Bc1 Rb8 30. Ba3+ c5 31. e4 b6 32. exf5 Nd4 33. Rxd4 1-0

[Event "Weekend Vitinia"]
[Site "Roma ITA"]
[Date "1997.11.??"]
[Round "8"]
[White "Marzano, Carlo"]
[Black "Spano' Cuomo, Gaetano"]
[Result "1-0"]
[WhiteElo "2160"]
[BlackElo "1641"]
[PlyCount "95"]
[EventDate "1997.11.??"]

1. d4 Nf6 2. Nf3 e6 3. Bg5 Be7 4. Nbd2 d5 5. e3 O-O 6. Bd3 Nbd7 7. c3 c5 8. Ne5
Nxe5 9. dxe5 Nd7 10. Bf4 b6 11. h4 Bb7 12. Nf3 g6 13. Rh3 Kg7 14. h5 Rh8 15.
Rg3 Kf8 16. Bh6+ Ke8 17. hxg6 hxg6 18. Rxg6 Ba6 19. Rxe6 Bxd3 20. Qxd3 Nf8 21.
Rxe7+ Qxe7 22. Bg5 Qd7 23. O-O-O Ne6 24. Bf6 Rh6 25. Nh4 c4 26. Qxd5 Qxd5 27.
Rxd5 Nc5 28. g3 Nd7 29. Bg5 Rh5 30. f4 Nc5 31. Nf5 Rh2 32. Nd6+ Kf8 33. Nxc4
Rg2 34. Nd2 Kg7 35. c4 Kg6 36. Rd6+ Kh5 37. b4 Na4 38. Rh6+ Kg4 39. Rh7 Nc3 40.
a3 Rc8 41. Rxf7 Rh8 42. Rd7 Rh1+ 43. Kc2 Ne4 44. e6 Rh8 45. e7 Rxd2+ 46. Rxd2
Nxd2 47. Kxd2 Kf5 48. Kd3 1-0

[Event "Weekend Vitinia"]
[Site "Roma ITA"]
[Date "1997.11.??"]
[Round "8"]
[White "Montecchi, Ugo"]
[Black "Scagliarini, Valentina"]
[Result "0-1"]
[WhiteElo "1833"]
[BlackElo "1642"]
[PlyCount "65"]
[EventDate "1997.11.??"]

1. e4 e6 2. b3 d5 3. Bb2 dxe4 4. Nc3 Nf6 5. Qe2 Nbd7 6. O-O-O Bd6 7. g4 O-O 8.
g5 Nd5 9. Nxe4 Be7 10. Nh3 c6 11. Qh5 b5 12. Rg1 a5 13. Qh6 e5 14. Qxc6 N7b6
15. Qxb5 Bd7 16. Qe2 Qc8 17. Qh5 Bf5 18. Nc3 a4 19. Bd3 Bxd3 20. cxd3 Nb4 21.
Kb1 axb3 22. axb3 Nxd3 23. Qf3 Rd8 24. Rg4 Qe6 25. Kc2 Ba3 26. g6 fxg6 27. Ng5
Qe7 28. Bxa3 Rxa3 29. Rb1 Nf4 30. Qe4 Qd7 31. Kb2 Qxg4 32. Nf3 Ra7 33. Nxe5 0-1

[Event "Weekend Vitinia"]
[Site "Roma ITA"]
[Date "1997.11.??"]
[Round "8"]
[White "Moroni, Marco"]
[Black "Cenni, Franco"]
[Result "1-0"]
[WhiteElo "1806"]
[BlackElo "1663"]
[PlyCount "67"]
[EventDate "1997.11.??"]

1. e4 e5 2. Nf3 Nc6 3. Bc4 h6 4. d4 exd4 5. Nxd4 d6 6. O-O Ne5 7. Be2 Nf6 8.
Nc3 Be7 9. f4 Ng6 10. Nf3 O-O 11. f5 Ne5 12. Bf4 Nxf3+ 13. Bxf3 Nd7 14. Nd5 Ne5
15. Bh5 Bg5 16. Bxe5 dxe5 17. f6 g6 18. Bg4 Bxg4 19. Qxg4 c6 20. Ne7+ Kh7 21.
Rad1 Qb6+ 22. Kh1 Qxb2 23. h4 Bxh4 24. Qxh4 Qxc2 25. Rd7 Qe2 26. Rf3 Rad8 27.
Nxg6 Qxa2 28. Nxf8+ Rxf8 29. Rh3 Qb1+ 30. Kh2 Qc1 31. Rg3 Qf4 32. Qxf4 exf4 33.
Rg7+ Kh8 34. Rd3 1-0

[Event "Weekend Vitinia"]
[Site "Roma ITA"]
[Date "1997.11.??"]
[Round "8"]
[White "Palombi, Roberto"]
[Black "Buffoni, Luca"]
[Result "0-1"]
[WhiteElo "2055"]
[BlackElo "1651"]
[PlyCount "44"]
[EventDate "1997.11.??"]

1. d4 d5 2. Nf3 Nf6 3. e3 e6 4. Bd3 Nbd7 5. O-O Bd6 6. Nbd2 O-O 7. Re1 c5 8. c3
Qc7 9. h3 b6 10. e4 dxe4 11. Nxe4 Nxe4 12. Rxe4 Nf6 13. Rh4 Bb7 14. Bg5 Be7 15.
Bxf6 Bxf6 16. Bxh7+ Kh8 17. Ne5 Bxh4 18. Qh5 Bg5 19. g4 cxd4 20. cxd4 Bh6 21.
Rd1 Kxh7 22. g5 Qc2 0-1

[Event "Weekend Vitinia"]
[Site "Roma ITA"]
[Date "1997.11.??"]
[Round "8"]
[White "Ricca, Roberto"]
[Black "Chiaretti, Roberto"]
[Result "0-1"]
[WhiteElo "2145"]
[BlackElo "2150"]
[PlyCount "86"]
[EventDate "1997.11.??"]

1. f4 Nf6 2. Nf3 c5 3. g3 Nc6 4. Bg2 g6 5. d3 Bg7 6. O-O O-O 7. e4 d6 8. c3 e5
9. Kh1 b6 10. Na3 Bb7 11. Qe1 Re8 12. Nh4 exf4 13. gxf4 b5 14. f5 Ne5 15. Bg5
h6 16. fxg6 hxg5 17. gxf7+ Nxf7 18. Nf5 c4 19. Nxg7 Kxg7 20. dxc4 Bxe4 21. Qg3
Bxg2+ 22. Qxg2 bxc4 23. Nxc4 Rc8 24. Nd2 Qd7 25. Qf2 Qc6+ 26. Nf3 g4 27. Qg2
Ne5 28. Nd4 Qxg2+ 29. Kxg2 Kg6 30. Nb5 Rb8 31. Nxd6 Rxb2+ 32. Rf2 Rxf2+ 33.
Kxf2 Rd8 34. Nb5 Rd2+ 35. Ke3 Nc4+ 36. Kf4 Rxh2 37. Nxa7 Rf2+ 38. Kg3 Rf3+ 39.
Kh2 Kg5 40. Nb5 Ne3 41. Nd4 Rf2+ 42. Kh1 Ne4 43. Rg1 Kh4 0-1

[Event "Weekend Vitinia"]
[Site "Roma ITA"]
[Date "1997.11.??"]
[Round "8"]
[White "Ridolfi, Raffaele"]
[Black "Attanasi, Salvatore"]
[Result "1-0"]
[WhiteElo "1633"]
[BlackElo "1672"]
[PlyCount "33"]
[EventDate "1997.11.??"]

1. d4 Nf6 2. c4 e6 3. Nc3 Bb4 4. Qc2 Bxc3+ 5. Qxc3 b6 6. f3 d5 7. Bg5 Nbd7 8.
e3 h6 9. Bh4 g5 10. Bf2 Ba6 11. b3 Qe7 12. Bd3 O-O-O 13. Ne2 e5 14. cxd5 Nxd5
15. Bxa6+ Kb8 16. Qc6 Qb4+ 17. Kf1 1-0

[Event "Weekend Vitinia"]
[Site "Roma ITA"]
[Date "1997.11.??"]
[Round "8"]
[White "Rotondi, Paolo"]
[Black "Casella, Carlo"]
[Result "0-1"]
[WhiteElo "1660"]
[BlackElo "1588"]
[PlyCount "120"]
[EventDate "1997.11.??"]

1. c4 e5 2. Nc3 Nf6 3. g3 d6 4. Bg2 Nc6 5. d3 Bg4 6. Nf3 Qd7 7. h3 Be6 8. Ng5
h6 9. Nxe6 Qxe6 10. Be3 a6 11. Rb1 Be7 12. b4 O-O 13. O-O Nh7 14. Nd5 Bd8 15.
a4 Nd4 16. Bxd4 exd4 17. Nf4 Qc8 18. b5 axb5 19. Rxb5 c6 20. Rb2 Nf6 21. h4 Qc7
22. Qb3 Rb8 23. Rfb1 Nd7 24. Qd1 Nc5 25. Rb6 Ra8 26. R6b4 Re8 27. Qd2 g5 28.
hxg5 Bxg5 29. e3 dxe3 30. fxe3 Rxa4 31. Rxa4 Nxa4 32. d4 Nb6 33. Kf2 Nxc4 34.
Qb4 b5 35. e4 Qa7 36. Rd1 Qa2+ 37. Kg1 Qa3 38. Qxa3 Nxa3 39. e5 dxe5 40. dxe5
Bxf4 41. gxf4 c5 42. Rd7 c4 43. Bd5 Rf8 44. Rc7 b4 45. Bxc4 Nxc4 46. Rxc4 Rb8
47. Kf2 b3 48. Rc1 b2 49. Rb1 Kf8 50. Kf3 Ke7 51. Kg4 Ke6 52. Kh5 Kf5 53. Kxh6
Kxf4 54. Kg7 Kxe5 55. Kxf7 Kd4 56. Ke6 Kc3 57. Kd5 Kc2 58. Rh1 b1=Q 59. Rh2+
Kb3 60. Rh3+ Ka4 0-1

[Event "Weekend Vitinia"]
[Site "Roma ITA"]
[Date "1997.11.??"]
[Round "8"]
[White "Scagliarini, Bruno"]
[Black "Lavieri, Doriano"]
[Result "0-1"]
[WhiteElo "1974"]
[BlackElo "1855"]
[PlyCount "110"]
[EventDate "1997.11.??"]

1. c4 c5 2. Nc3 Nf6 3. g3 e6 4. Bg2 Be7 5. e3 O-O 6. Nge2 Nc6 7. d3 a6 8. O-O
Qc7 9. b3 Rb8 10. a4 b6 11. d4 Nb4 12. Nf4 d6 13. Ba3 Bb7 14. d5 e5 15. Nd3
Nxd3 16. Qxd3 Nd7 17. e4 Bf6 18. Bb2 Bc8 19. Rae1 Qd8 20. f4 g6 21. Nd1 Bg7 22.
Ne3 b5 23. axb5 axb5 24. Ba1 Ba6 25. f5 Qb6 26. Ng4 h5 27. f6 hxg4 28. fxg7
Kxg7 29. Rb1 Qd8 30. Bc3 bxc4 31. bxc4 Rxb1 32. Rxb1 Qg5 33. Ra1 Ra8 34. Bd2
Qh5 35. Rb1 Rh8 36. h4 gxh3 37. Bf3 h2+ 38. Kh1 Qh3 39. Bg2 Qg4 40. Ba5 Nf6 41.
Bc7 Nh5 42. Rb3 Bxc4 43. Qxc4 Nxg3+ 44. Rxg3 Qxg3 45. Qf1 Ra8 46. Bxd6 c4 47.
Bb4 c3 48. d6 c2 49. d7 Rd8 50. Be1 Qe3 51. Bf2 Qd2 52. Be1 Qg5 53. Bh4 Qxh4
54. Qc1 Qf2 55. Qa1 Qg1+ 0-1

[Event "Weekend Vitinia"]
[Site "Roma ITA"]
[Date "1997.11.??"]
[Round "8"]
[White "Siraco, Maurizio"]
[Black "Campagna, Maurizio"]
[Result "1-0"]
[WhiteElo "1911"]
[BlackElo "1573"]
[PlyCount "111"]
[EventDate "1997.11.??"]

1. e4 c6 2. d4 d5 3. Nc3 dxe4 4. Nxe4 Nd7 5. Nf3 Ngf6 6. Nxf6+ Nxf6 7. Bc4 Bf5
8. O-O e6 9. Bf4 Be7 10. c3 O-O 11. Re1 Nd5 12. Bg3 Qb6 13. Qb3 Qxb3 14. Bxb3
Rfd8 15. Rad1 Nf6 16. h3 Ne4 17. Bh2 Nf6 18. Be5 Rd7 19. Nh4 Bg6 20. Nxg6 hxg6
21. Bxf6 Bxf6 22. f4 Rad8 23. Kf2 Kf8 24. Kf3 c5 25. dxc5 Be7 26. c6 bxc6 27.
Ke4 Rd2 28. g4 Bh4 29. Rxd2 Rxd2 30. Rd1 Rxd1 31. Bxd1 Ke7 32. Bc2 Kd6 33. f5
gxf5+ 34. gxf5 e5 35. Bb3 f6 36. Bf7 Be1 37. Kd3 Bf2 38. b4 Bb6 39. Bh5 a5 40.
a3 axb4 41. axb4 Bf2 42. Bf3 Be1 43. Be4 Bf2 44. Kc4 Be1 45. Kb3 c5 46. b5 Kc7
47. Kc4 Kb6 48. Bc6 Bd2 49. Kd3 Be1 50. Be8 Kc7 51. Bc6 Kd6 52. c4 Bb4 53. Ke4
Be1 54. Kf3 Bd2 55. Be4 Ke7 56. Kg4 1-0

[Event "Weekend Vitinia"]
[Site "Roma ITA"]
[Date "1997.11.??"]
[Round "8"]
[White "Sternini, Cristiano"]
[Black "Simeoni, Matteo"]
[Result "1/2-1/2"]
[WhiteElo "1582"]
[BlackElo "1830"]
[PlyCount "118"]
[EventDate "1997.11.??"]

1. e4 c5 2. Nf3 d6 3. d4 cxd4 4. Nxd4 Nf6 5. Nc3 a6 6. Bg5 e6 7. f4 Be7 8. Qf3
Qc7 9. O-O-O Nbd7 10. g4 b5 11. a3 Rb8 12. Bxf6 Nxf6 13. g5 Nd7 14. Kb1 b4 15.
axb4 Rxb4 16. f5 Ne5 17. Qg3 Qb6 18. Nb3 a5 19. f6 gxf6 20. gxf6 Bxf6 21. Qf4
Be7 22. Na2 Rxe4 23. Qxe4 Bb7 24. Qa4+ Bc6 25. Bb5 Bxb5 26. Qxa5 Qb7 27. Nc3
Bc6 28. Rhf1 Bd8 29. Qa2 Ke7 30. Nd4 Bc7 31. Nxc6+ Qxc6 32. Qa4 Qxa4 33. Nxa4
Ra8 34. Nc3 Rb8 35. Rf4 d5 36. Rh4 Nc4 37. b3 Be5 38. Na4 Rb4 39. Ka2 Bd6 40.
Rg1 Ne3 41. Rxb4 Bxb4 42. c3 Bd6 43. h3 Nf5 44. b4 e5 45. Nb6 Ke6 46. Nc8 Bc7
47. Re1 e4 48. c4 Nd4 49. cxd5+ Kxd5 50. Ne7+ Ke5 51. Rb1 Bd6 52. Nc8 Bb8 53.
b5 e3 54. b6 Ke4 55. b7 e2 56. Re1 Ke3 57. Nb6 Kf2 58. Rxe2+ Nxe2 59. Nd7 Bf4
1/2-1/2

[Event "Weekend Vitinia"]
[Site "Roma ITA"]
[Date "1997.11.??"]
[Round "8"]
[White "Vannelli, Vittorio"]
[Black "Perotti, Germano"]
[Result "1-0"]
[WhiteElo "1636"]
[BlackElo "1630"]
[PlyCount "59"]
[EventDate "1997.11.??"]

1. e4 d6 2. d4 Nf6 3. Nc3 g6 4. Bc4 Bg7 5. Qe2 c6 6. e5 dxe5 7. dxe5 Nd5 8. Bd2
O-O 9. O-O-O b5 10. Nxd5 bxc4 11. Nc3 Qa5 12. Nf3 Na6 13. Nd4 c5 14. Nc6 Qc7
15. Nd5 Qb7 16. Ncxe7+ Kh8 17. Nxc8 Qxd5 18. Bc3 Qxg2 19. Nd6 Nb4 20. Kb1 Nd5
21. Qxc4 Nxc3+ 22. Qxc3 Qxf2 23. Rhf1 Qxh2 24. Nxf7+ Rxf7 25. Rxf7 Bxe5 26. Qf3
Rb8 27. Rb7 Bg7 28. Qf7 Qe5 29. Qxg7+ Qxg7 30. Rxb8+ 1-0

[Event "Weekend Vitinia"]
[Site "Roma ITA"]
[Date "1997.11.??"]
[Round "8"]
[White "Vanzan, Alessandro"]
[Black "De Carolis, Maurizio"]
[Result "0-1"]
[WhiteElo "1528"]
[BlackElo "1702"]
[PlyCount "78"]
[EventDate "1997.11.??"]

1. c4 Nf6 2. Nc3 g6 3. d4 Bg7 4. Nf3 O-O 5. g3 d6 6. Bg2 c6 7. O-O Nbd7 8. b3
Qc7 9. Qc2 e5 10. Bb2 Re8 11. Rac1 Nf8 12. d5 Bh6 13. e3 Bf5 14. Qd1 Qd7 15.
dxc6 bxc6 16. b4 Rab8 17. b5 Bg4 18. bxc6 Qxc6 19. Nb5 Red8 20. h3 Bxf3 21.
Bxf3 Qd7 22. Bg2 a6 23. Qf3 Bg7 24. Rfd1 axb5 25. Bxe5 Qe6 26. Bxf6 Bxf6 27.
cxb5 Rxb5 28. Rc7 Nd7 29. Bf1 Rc5 30. Rb7 Ne5 31. Qe2 Rdc8 32. a4 Rc2 33. Qa6
Qf5 34. Be2 R8c6 35. Rb8+ Kg7 36. Qa8 Rxe2 37. Rg8+ Kh6 38. Qf8+ Kh5 39. Rf1
Qxh3 0-1

[Event "Weekend Vitinia"]
[Site "Roma ITA"]
[Date "1997.11.??"]
[Round "8"]
[White "Viscogliosi, Enzo"]
[Black "Di Lascio, Savino"]
[Result "0-1"]
[WhiteElo "1732"]
[BlackElo "1708"]
[PlyCount "34"]
[EventDate "1997.11.??"]

1. d4 Nf6 2. c4 e6 3. Nf3 b6 4. a3 Bb7 5. e3 Be7 6. Nc3 O-O 7. Bd3 d5 8. cxd5
exd5 9. O-O Nbd7 10. b4 Ne4 11. Bb2 c5 12. dxc5 bxc5 13. bxc5 Ndxc5 14. Be2 Rc8
15. Rc1 Qb6 16. Na4 Nxa4 17. Bxg7 Rxc1 0-1

[Event "Open A"]
[Site "Venezia ITA"]
[Date "1997.10.??"]
[Round "1"]
[White "Astengo, Marcello"]
[Black "Popa, Florin"]
[Result "0-1"]
[WhiteElo "2040"]
[BlackElo "2195"]
[PlyCount "60"]
[EventDate "1997.10.31"]

1. d4 d6 2. c4 e5 3. d5 g6 4. e4 Nd7 5. Nc3 Ngf6 6. Bd3 Nc5 7. Bc2 a5 8. Bg5
Bg7 9. Qd2 O-O 10. Nge2 Bd7 11. O-O Qe8 12. Rae1 b5 13. Nxb5 Bxb5 14. cxb5 Qxb5
15. Nc3 Qd7 16. f4 exf4 17. e5 dxe5 18. Rxe5 Nh5 19. Re7 Qd6 20. Qe2 Rab8 21.
Bd1 h6 22. Bh4 Nf6 23. Re1 Nxd5 24. Nxd5 Qxd5 25. b3 Nd3 26. Rf1 g5 27. Bc2
Qc5+ 28. Kh1 Ne5 29. Qe4 f5 30. Rxe5 Bxe5 0-1

[Event "Open A"]
[Site "Venezia ITA"]
[Date "1997.10.??"]
[Round "1"]
[White "Bianchi, Andrea"]
[Black "Mosca, Leonildo"]
[Result "1/2-1/2"]
[WhiteElo "2012"]
[BlackElo "1948"]
[PlyCount "35"]
[EventDate "1997.10.31"]

1. e4 Nf6 2. e5 Nd5 3. d4 d6 4. Nf3 Nc6 5. h3 dxe5 6. dxe5 Bf5 7. Bd3 Bxd3 8.
Qxd3 Ndb4 9. Qe2 Qd7 10. a3 Nd5 11. O-O g6 12. Re1 Bg7 13. Bd2 O-O 14. Nc3 Rad8
15. Nxd5 Qxd5 16. Bc3 e6 17. Rad1 Qc5 18. Qe4 1/2-1/2

[Event "Open A"]
[Site "Venezia ITA"]
[Date "1997.10.??"]
[Round "1"]
[White "Crispi, Guido"]
[Black "Tomba, Ivan"]
[Result "1/2-1/2"]
[WhiteElo "2005"]
[BlackElo "1705"]
[PlyCount "126"]
[EventDate "1997.10.31"]

1. d4 Nf6 2. c4 g6 3. Nc3 Bg7 4. e4 d6 5. Be2 O-O 6. Bg5 Nbd7 7. Qd2 c6 8. Bh6
e5 9. d5 Nc5 10. f3 a5 11. h4 Ne8 12. h5 Bxh6 13. Qxh6 g5 14. g4 f6 15. Nh3 a4
16. O-O-O Nd7 17. Kb1 c5 18. Rhg1 Nb6 19. f4 exf4 20. Nxf4 Rf7 21. e5 dxe5 22.
Ne6 Qe7 23. Nxg5 fxg5 24. Qxb6 Ra6 25. d6 Rxb6 26. dxe7 a3 27. b3 Rd6 28. Ne4
Rxd1+ 29. Rxd1 Rxe7 30. Rd8 Be6 31. Nxg5 Kf8 32. h6 e4 33. Kc2 Bg8 34. Kd2 Re5
35. Nh3 Ke7 36. Rb8 Kf6 37. Rxb7 Nd6 38. Rg7 e3+ 39. Ke1 Re8 40. Bd3 Be6 41.
Nf4 Ke5 42. Nxe6 Rxe6 43. Rxh7 Kf4 44. Ke2 Kxg4 45. Rg7+ Kf4 46. h7 Rh6 47. Rg8
Rh2+ 48. Kf1 Nf7 49. Rg2 Rh1+ 50. Rg1 e2+ 51. Bxe2 Rxh7 52. Ke1 Ne5 53. Kd2
Nf3+ 54. Bxf3 Kxf3 55. Kc3 Ke4 56. Re1+ Kf5 57. Rd1 Rh2 58. Rd5+ Ke4 59. Rxc5
Rxa2 60. Ra5 Ra1 61. b4 a2 62. Kb2 Rb1+ 63. Kxa2 Rxb4 1/2-1/2